000 01212nac a22002291u 4500
008 101031t xxu||||| |||| 00| 0 eng d
010 _a2004048708
020 _a9780273710271 (alk. paper)
082 0 0 _a332.456
_bCOP
_222
100 _aCopeland, Laurence S.
_920731
245 1 0 _aExchange rates and international finance /
_cLaurence S. Copeland.
250 _a5th ed.
260 _aHarlow, England ;
_aNew York :
_bFinancial Times Prentice Hall,
_c2008.
300 _a527p. 24cm.
504 _aIncludes bibliographical references and index.
650 0 _aForeign exchange rates.
_920732
650 0 _aInternational finance.
_920733
942 _cBB
_k332.456COP
_2ddc
999 _c14801
_d14801